| 000 | 00000nam 2200000zi 4500 |
| 001 | 9.920503 |
| 003 | CaOODSP |
| 005 | 20230818074312 |
| 006 | m o d f |
| 007 | cr |n||||||||| |
| 008 | 230301t20232023qucad o f000 0 eng d |
| 040 | |aCaOODSP|beng|erda|cCaOODSP |
| 043 | |an-cn--- |
| 086 | 1 |aIu71-1/2-2023E-PDF |
| 110 | 2 |aCanadian Intellectual Property Office.|eauthor, |eissuing body. |
| 245 | 10|aCanadian Intellectual Property Office : |b2023–2028 business strategy. |
| 264 | 1|aGatineau, QC : |bCanadian Intellectual Property Office = Office de la propriété intellectuelle du Canada, |c[2023] |
| 264 | 4|c©2023 |
| 300 | |a1 online resource (28 pages) : |bcolour illustrations, colour graphs |
| 336 | |atext|btxt|2rdacontent |
| 337 | |acomputer|bc|2rdamedia |
| 338 | |aonline resource|bcr|2rdacarrier |
| 500 | |aIssued also in French under title: Office de la propriété intellectuelle du Canada : stratégie d’affaires 2023-2028. |
| 610 | 20|aCanadian Intellectual Property Office|xPlanning. |
| 610 | 20|aCanadian Intellectual Property Office|xManagement. |
| 775 | 08|tOffice de la propriété intellectuelle du Canada : |w(CaOODSP)9.920506 |
| 795 | |tCanadian Intellectual Property Office - five-year business strategy, 2017-2022 |w(CaOODSP)9.838200 |
| 856 | 40|qPDF|s2.13 MB|uhttps://publications.gc.ca/collections/collection_2023/opic-cipo/Iu71-1-2-2023-eng.pdf |
| 856 | 4 |qHTML|sN/A|uhttps://ised-isde.canada.ca/site/canadian-intellectual-property-office/en/2023-2028-business-strategy-ceo-message |